000 00487nam a22001697a 4500
005 20250731114625.0
010 _aENG-146262
020 _c995.00
_a9789349015234
035 _aEN-129794
037 _bDBAD
082 _a000
245 _aCLAT/
_cBY
_hEnglish
260 _aGURGAON
_bLEXIS NEXIS
270 _bGURGAON
_a14th FLOOR, BUILDING NO. 10, TOWER-B, DLF CYBER CITY, PHASE-II, GURGAON, HARYANA
_e122002
300 _a710p
_c24 cm(pbk)
942 _2ddc
_cEN
_h000
999 _c212747
_d212747